[Event "25th Abu Dhabi Master 2018"]
[Site "Abu Dhabi"]
[Date "2018.08.08"]
[Round "2"]
[White "Amin, Bassem"]
[Black "Nguyen, Anh Khoi"]
[Result "1-0"]
[WhiteElo "2684"]
[BlackElo "2454"]
[Annotator "TA"]
[PlyCount "61"]
[EventDate "2018.08.05"]
[EventType "swiss"]
[EventCountry "UAE"]
[SourceTitle "playchess.com"]
[Source "ChessBase"]
[SourceQuality "1"]

1. Nf3 Nf6 2. g3 b6 3. Bg2 Bb7 4. O-O e6 5. d3 d5 6. Nbd2 c5 7. e4 Nc6 8. Re1 Be7 9. c3 O-O 10. e5 Nd7 11. Nf1 b5 12. Bf4 b4 13. c4 Nb6 14. Qe2 Qd7 15. Rad1 Rfd8 16. h4 Nd4 17. Nxd4 cxd4 18. b3 a5 19. Qg4 Kh8 20. Bg5 Bxg5 21. hxg5 Qc7 22. Nd2 a4 23. Nf3 axb3 24. axb3 dxc4 25. dxc4 Bxf3 26. Bxf3 Ra3 27. Rxd4 Rxb3 28. Red1 Rf8 29. Be4 Qxe5 30. Rd8 Qc5 31. Qf4 1-0

[Event "25th Abu Dhabi Master 2018"]
[Site "Abu Dhabi"]
[Date "2018.08.08"]
[Round "2"]
[White "Short, Nigel D"]
[Black "Nitin, Shankar Madhu"]
[Result "1-0"]
[WhiteElo "2659"]
[BlackElo "1982"]
[Annotator "TA"]
[PlyCount "65"]
[EventDate "2018.08.05"]
[EventType "swiss"]
[EventCountry "UAE"]
[SourceTitle "playchess.com"]
[Source "ChessBase"]
[SourceQuality "1"]

1. e4 c5 2. Nc3 a6 3. g3 b5 4. Bg2 Bb7 5. d3 e6 6. Nh3 b4 7. Ne2 d5 8. O-O Nf6 9. e5 Nfd7 10. f4 g6 11. c4 Nb6 12. f5 gxf5 13. Nef4 h5 14. Nxh5 Be7 15. N3f4 Qd7 16. a3 a5 17. axb4 axb4 18. Rxa8 Bxa8 19. b3 d4 20. Bxa8 Nxa8 21. Ng7+ Kd8 22. g4 Nc7 23. Nfh5 Nc6 24. Qe2 fxg4 25. Rxf7 Rf8 26. Nf6 Rxf7 27. Nxd7 Kxd7 28. Nh5 Rf5 29. Ng3 Rxe5 30. Qf1 Bg5 31. Bxg5 Rxg5 32. Qf7+ Ne7 33. Qf4 1-0

[Event "25th Abu Dhabi Master 2018"]
[Site "Abu Dhabi"]
[Date "2018.08.08"]
[Round "2"]
[White "Kravtsiv, Martyn"]
[Black "Halvax, Georg"]
[Result "1-0"]
[WhiteElo "2654"]
[BlackElo "2437"]
[Annotator "TA"]
[PlyCount "57"]
[EventDate "2018.08.05"]
[EventType "swiss"]
[EventCountry "UAE"]
[SourceTitle "playchess.com"]
[Source "ChessBase"]
[SourceQuality "1"]

1. e4 d6 2. d4 Nf6 3. Nc3 e5 4. Nf3 Nbd7 5. Bc4 Be7 6. a4 c6 7. O-O Qc7 8. Re1 h6 9. h3 Nf8 10. Nh4 Ne6 11. Nf5 Nxd4 12. Nxd4 exd4 13. Qxd4 O-O 14. Qd3 Rd8 15. Qg3 Kf8 16. a5 Rb8 17. Be3 b5 18. axb6 axb6 19. Bd4 b5 20. Bb3 Ne8 21. Qf3 Bf6 22. e5 dxe5 23. Bxe5 Bxe5 24. Rxe5 Nf6 25. Rae1 Bb7 26. Qg3 Rbc8 27. Bxf7 b4 28. Na4 c5 29. Be6 1-0

[Event "25th Abu Dhabi Master 2018"]
[Site "Abu Dhabi"]
[Date "2018.08.08"]
[Round "2"]
[White "Maghsoodloo, Parham"]
[Black "Sundararajan, Kidambi"]
[Result "1-0"]
[WhiteElo "2636"]
[BlackElo "2433"]
[Annotator "TA"]
[PlyCount "93"]
[EventDate "2018.08.05"]
[EventType "swiss"]
[EventCountry "UAE"]
[SourceTitle "playchess.com"]
[Source "ChessBase"]
[SourceQuality "1"]

1. c4 g6 2. g3 Bg7 3. Bg2 c5 4. Nc3 Nc6 5. e3 d6 6. Nge2 Nf6 7. d4 O-O 8. O-O Bf5 9. h3 a6 10. b3 Rc8 11. g4 Bd7 12. dxc5 dxc5 13. Bb2 h5 14. g5 Ne8 15. Qd2 Bf5 16. Rad1 Qxd2 17. Rxd2 Nd6 18. Ba3 b5 19. cxb5 Nxb5 20. Nxb5 axb5 21. Bxc5 Ne5 22. Bxe7 Rfe8 23. Bd6 Bxh3 24. Nd4 Bg4 25. f4 Nd7 26. Nc6 Bf8 27. Rc1 Bxd6 28. Rxd6 Kg7 29. Re1 Ra8 30. Nb4 Ra7 31. Bc6 Rb8 32. e4 Nc5 33. Bd5 Re8 34. Rb6 Bf5 35. Rxb5 Nxe4 36. Bc6 Re6 37. Bd5 Re8 38. a4 Rc7 39. Bc6 Re6 40. Bd5 Re8 41. Rb7 Rc3 42. Rxf7+ Kh8 43. Bxe4 Bxe4 44. Nd5 Rg3+ 45. Kh2 Kg8 46. Kxg3 Kxf7 47. Nf6 1-0

[Event "25th Abu Dhabi Master 2018"]
[Site "Abu Dhabi"]
[Date "2018.08.08"]
[Round "2"]
[White "Vocaturo, Daniele"]
[Black "G, Akash"]
[Result "1-0"]
[WhiteElo "2617"]
[BlackElo "2410"]
[Annotator "TA"]
[PlyCount "71"]
[EventDate "2018.08.05"]
[EventType "swiss"]
[EventCountry "UAE"]
[SourceTitle "playchess.com"]
[Source "ChessBase"]
[SourceQuality "1"]

1. d4 Nf6 2. c4 g6 3. Nc3 Bg7 4. e4 d6 5. f3 O-O 6. Be3 c5 7. Nge2 Nc6 8. d5 Ne5 9. Ng3 e6 10. Be2 exd5 11. cxd5 a6 12. a4 h5 13. O-O Nh7 14. Qd2 h4 15. Nh1 f5 16. Nf2 Qf6 17. f4 Nf7 18. e5 dxe5 19. Bxc5 Rd8 20. fxe5 Qxe5 21. Nd3 Qc7 22. a5 Bxc3 23. Qxc3 Rxd5 24. b4 Bd7 25. Nf4 Rxc5 26. bxc5 Qe5 27. Rac1 Kg7 28. Bf3 Bc6 29. Rfe1 Qxc3 30. Rxc3 Nhg5 31. Ne6+ Kf6 32. Bxc6 Nxe6 33. Bxb7 Ra7 34. c6 Nd6 35. Rd3 Nxb7 36. cxb7 1-0

[Event "25th Abu Dhabi Master 2018"]
[Site "Abu Dhabi"]
[Date "2018.08.08"]
[Round "2"]
[White "Petrosian, Tigran L"]
[Black "Koustav, Chatterjee"]
[Result "1-0"]
[WhiteElo "2610"]
[BlackElo "2325"]
[Annotator "TA"]
[PlyCount "83"]
[EventDate "2018.08.05"]
[EventType "swiss"]
[EventCountry "UAE"]
[SourceTitle "playchess.com"]
[Source "ChessBase"]
[SourceQuality "1"]

1. Nf3 Nf6 2. g3 d5 3. Bg2 e6 4. O-O Be7 5. d3 O-O 6. Nbd2 c5 7. e4 Nc6 8. Re1 b5 9. e5 Nd7 10. Nf1 Bb7 11. h4 Qc7 12. Bf4 Rfc8 13. N1h2 Qd8 14. h5 h6 15. Qd2 a5 16. g4 a4 17. a3 b4 18. c3 bxc3 19. bxc3 Na5 20. Qc2 Ba6 21. Rad1 c4 22. d4 Nf8 23. Kh1 Nh7 24. Rg1 Rcb8 25. Bh3 Ng5 26. Nxg5 hxg5 27. Bc1 Nb3 28. Be3 Bxa3 29. f4 Be7 30. Nf3 Bb5 31. fxg5 Be8 32. g6 fxg6 33. g5 Ra6 34. hxg6 a3 35. Nh4 Nxd4 36. Rxd4 a2 37. Qe2 a1=Q 38. Qh5 Bxg6 39. Nxg6 Qb1 40. Rf4 Qe4+ 41. Rxe4 dxe4 42. Rf1 1-0

[Event "25th Abu Dhabi Master 2018"]
[Site "Abu Dhabi"]
[Date "2018.08.08"]
[Round "2"]
[White "Andersen, Mads"]
[Black "Raghunandan, Kaumandur Srihari"]
[Result "1-0"]
[WhiteElo "2601"]
[BlackElo "2404"]
[Annotator "TA"]
[PlyCount "79"]
[EventDate "2018.08.05"]
[EventType "swiss"]
[EventCountry "UAE"]
[SourceTitle "playchess.com"]
[Source "ChessBase"]
[SourceQuality "1"]

1. d4 Nf6 2. c4 g6 3. Nc3 Bg7 4. e4 d6 5. Nf3 O-O 6. Be2 e5 7. O-O Nc6 8. dxe5 dxe5 9. Bg5 Nd4 10. Nxd4 exd4 11. Nd5 c6 12. Nxf6+ Bxf6 13. Bxf6 Qxf6 14. c5 Rd8 15. Bd3 b6 16. Rc1 Be6 17. cxb6 axb6 18. Rxc6 Rxa2 19. Rxb6 Rda8 20. Qd2 Ra1 21. Rc6 Rxf1+ 22. Bxf1 Ra2 23. Ra6 Rxa6 24. Bxa6 Bb3 25. Bd3 Qb6 26. h4 Qc5 27. g3 Kg7 28. Qg5 Qxg5 29. hxg5 h6 30. gxh6+ Kxh6 31. Kf1 Kg7 32. Ke2 Kf6 33. Kd2 Ke5 34. f4+ Kd6 35. Bc2 Bc4 36. b3 Bb5 37. Bd3 Bd7 38. Bc4 f6 39. b4 g5 40. Kd3 1-0

[Event "25th Abu Dhabi Master 2018"]
[Site "Abu Dhabi"]
[Date "2018.08.08"]
[Round "2"]
[White "Jojua, Davit"]
[Black "Muthaiah, Al"]
[Result "1/2-1/2"]
[WhiteElo "2583"]
[BlackElo "2391"]
[Annotator "TA"]
[PlyCount "110"]
[EventDate "2018.08.05"]
[EventType "swiss"]
[EventCountry "UAE"]
[SourceTitle "playchess.com"]
[Source "ChessBase"]
[SourceQuality "1"]

1. d4 d5 2. Bf4 Nf6 3. e3 c5 4. Nf3 Nc6 5. Nbd2 e6 6. c3 Bd6 7. Bg3 O-O 8. Bd3 b6 9. Qe2 Bb7 10. Rd1 cxd4 11. exd4 Ne7 12. Ne5 Nf5 13. Bf4 Be7 14. O-O Nd6 15. Rfe1 a5 16. Qe3 Re8 17. Qh3 g6 18. Ng4 Nxg4 19. Qxg4 Ba6 20. Bb1 Bf8 21. Nf3 Ne4 22. Qh3 Bc8 23. g4 f6 24. Nd2 Nd6 25. Qg3 Nf7 26. Nf3 Ra7 27. h4 Bd6 28. Kg2 Rae7 29. Bxd6 Qxd6 30. Qxd6 Nxd6 31. g5 Kg7 32. gxf6+ Kxf6 33. Ne5 Nf7 34. Rd3 Rf8 35. Rg3 Nxe5 36. Rxe5 Rg7 37. h5 gxh5 38. Rxh5 Rh8 39. Rh6+ Kf7 40. Kf3 Rxg3+ 41. fxg3 Kg7 42. Rh4 Rf8+ 43. Rf4 h6 44. Rxf8 Kxf8 45. Kf4 Ke7 46. Ke5 Bd7 47. Bd3 b5 48. a4 bxa4 49. Ba6 Be8 50. Bc8 Bf7 51. Bb7 Be8 52. Bc8 Bf7 53. g4 Bg8 54. Ba6 Bh7 55. Bc8 Bg8 1/2-1/2

[Event "25th Abu Dhabi Master 2018"]
[Site "Abu Dhabi"]
[Date "2018.08.08"]
[Round "2"]
[White "Abdusattorov, Nodirbek"]
[Black "Rathanvel, VS."]
[Result "1/2-1/2"]
[WhiteElo "2539"]
[BlackElo "2348"]
[Annotator "TA"]
[PlyCount "103"]
[EventDate "2018.08.05"]
[EventType "swiss"]
[EventCountry "UAE"]
[SourceTitle "playchess.com"]
[Source "ChessBase"]
[SourceQuality "1"]

1. e4 c5 2. Nf3 d6 3. d4 cxd4 4. Nxd4 Nf6 5. Nc3 a6 6. h3 e6 7. g4 h6 8. Bg2 g5 9. b3 Nbd7 10. Bb2 Ne5 11. Qd2 b5 12. f4 gxf4 13. Qxf4 Bb7 14. O-O-O Nfd7 15. Kb1 Rg8 16. Rhf1 h5 17. Nf3 Ng6 18. Qh2 hxg4 19. hxg4 Nge5 20. g5 Qc7 21. Qf4 Rc8 22. Rd2 Ng6 23. Qe3 Qc5 24. Qe1 Nge5 25. Nxe5 Nxe5 26. Bh3 Rxg5 27. Rdf2 Be7 28. Nd5 exd5 29. Bxc8 Bxc8 30. exd5 Qxd5 31. Rd2 Qe6 32. Re2 Bb7 33. Qh4 Qg4 34. Qf2 Qg2 35. Rxe5 Qxf2 36. Rxe7+ Kxe7 37. Rxf2 Rg1+ 38. Bc1 Be4 39. Kb2 f5 40. Bf4 Rg2 41. Rxg2 Bxg2 42. c4 bxc4 43. bxc4 d5 44. cxd5 Bxd5 45. a3 Kd7 46. Kc3 Kc6 47. Kd4 Be4 48. Ke3 Kd5 49. Bh6 Kc6 50. Bf4 Kd5 51. Bh6 Kc6 52. Bf4 1/2-1/2

[Event "25th Abu Dhabi Master 2018"]
[Site "Abu Dhabi"]
[Date "2018.08.08"]
[Round "2"]
[White "Shyam, Sundar M."]
[Black "Parnali, S Dharia"]
[Result "1-0"]
[WhiteElo "2527"]
[BlackElo "2218"]
[Annotator "TA"]
[PlyCount "65"]
[EventDate "2018.08.05"]
[EventType "swiss"]
[EventCountry "UAE"]
[SourceTitle "playchess.com"]
[Source "ChessBase"]
[SourceQuality "1"]

1. e4 e5 2. Nf3 Nc6 3. Bc4 Nf6 4. d3 Bc5 5. O-O h6 6. c3 d6 7. Re1 O-O 8. Nbd2 Ng4 9. Re2 Be6 10. h3 Nf6 11. b4 Bb6 12. Bxe6 fxe6 13. Nc4 Nh5 14. a4 a6 15. Nxb6 cxb6 16. Rea2 Rc8 17. b5 axb5 18. axb5 Na5 19. c4 Nf4 20. Be3 Rf6 21. Kh2 Qc7 22. Ne1 d5 23. c5 d4 24. cxb6 Qxb6 25. Bxf4 Rxf4 26. Rxa5 Rxf2 27. Ra8 Rxa8 28. Rxa8+ Kh7 29. Qh5 Qc7 30. Nf3 Qc1 31. Qg4 Rf1 32. h4 Rh1+ 33. Kg3 1-0

[Event "25th Abu Dhabi Master 2018"]
[Site "Abu Dhabi"]
[Date "2018.08.08"]
[Round "2"]
[White "Vishnu, Prasanna V"]
[Black "Jeet, Jain"]
[Result "1-0"]
[WhiteElo "2517"]
[BlackElo "2136"]
[Annotator "TA"]
[PlyCount "130"]
[EventDate "2018.08.05"]
[EventType "swiss"]
[EventCountry "UAE"]
[SourceTitle "playchess.com"]
[Source "ChessBase"]
[SourceQuality "1"]

1. c4 e6 2. Nf3 d5 3. e3 Nf6 4. Nc3 Be7 5. b3 O-O 6. Bb2 b6 7. cxd5 exd5 8. d4 Bb7 9. g3 Nbd7 10. Bg2 a6 11. O-O Bd6 12. Rc1 Re8 13. Qc2 Rc8 14. Rfd1 Qe7 15. Bh3 Rcd8 16. Ne2 Ne4 17. Nf4 Ng5 18. Nxg5 Qxg5 19. Bg2 Nf6 20. Re1 Re7 21. Rcd1 Rde8 22. Qc1 Bxf4 23. exf4 Rxe1+ 24. Rxe1 Rxe1+ 25. Qxe1 Qf5 26. Qc1 Qd7 27. f3 a5 28. Bf1 Qc6 29. Qd1 Bc8 30. Bd3 Bd7 31. a4 Ne8 32. Qe1 Qe6 33. Qc1 f5 34. Kf2 g6 35. Ba3 Qc6 36. Qe1 Qe6 37. Qd2 Qc6 38. h3 Qf6 39. Be2 Ng7 40. Bb2 Qc6 41. Ke1 Qe6 42. Kf2 Qc6 43. Ba6 Ne8 44. Qe2 Qe6 45. Qe5 Qxe5 46. fxe5 Kf7 47. Ke3 Ng7 48. Bb7 Ke6 49. Ba3 c6 50. f4 Ne8 51. g4 Kf7 52. gxf5 gxf5 53. Kf3 Ke6 54. Ba6 Kf7 55. Bd3 Ke6 56. Ke3 Kf7 57. Kd2 Bc8 58. Ke3 Bd7 59. Be2 Ke6 60. h4 Kf7 61. Bf3 Ke6 62. Be2 Kf7 63. Bh5+ Kg8 64. e6 Nf6 65. exd7 Nxd7 1-0

[Event "25th Abu Dhabi Master 2018"]
[Site "Abu Dhabi"]
[Date "2018.08.08"]
[Round "2"]
[White "Saduakassova, Dinara"]
[Black "Rapport, Richard"]
[Result "0-1"]
[WhiteElo "2495"]
[BlackElo "2719"]
[Annotator "TA"]
[PlyCount "62"]
[EventDate "2018.08.05"]
[EventType "swiss"]
[EventCountry "UAE"]
[SourceTitle "playchess.com"]
[Source "ChessBase"]
[SourceQuality "1"]

1. d4 Nf6 2. c4 e6 3. Nc3 Bb4 4. Qc2 d6 5. Nf3 Nbd7 6. Bd2 e5 7. dxe5 dxe5 8. O-O-O c6 9. h3 Qe7 10. g4 Nc5 11. e3 a5 12. a3 O-O 13. Kb1 b5 14. Be1 Bxc3 15. Bxc3 Nfe4 16. Nxe5 Nxc3+ 17. Qxc3 Ne4 18. Qd4 Nxf2 19. Nxc6 Qh4 20. Bg2 Nxh1 21. Qc5 Nf2 22. Qe7 Qxe7 23. Nxe7+ Kh8 24. Rd2 Rb8 25. c5 Nxg4 26. c6 Nxe3 27. c7 Be6 28. cxb8=Q Rxb8 29. Be4 g6 30. Nc6 Nc4 31. Rd4 Rb6 0-1

[Event "25th Abu Dhabi Master 2018"]
[Site "Abu Dhabi"]
[Date "2018.08.08"]
[Round "2"]
[White "Swapnil, S Dhopade"]
[Black "Wang, Hao"]
[Result "0-1"]
[WhiteElo "2487"]
[BlackElo "2711"]
[Annotator "TA"]
[PlyCount "68"]
[EventDate "2018.08.05"]
[EventType "swiss"]
[EventCountry "UAE"]
[SourceTitle "playchess.com"]
[Source "ChessBase"]
[SourceQuality "1"]

1. d4 Nf6 2. c4 e6 3. Nf3 Bb4+ 4. Bd2 c5 5. Bxb4 cxb4 6. g3 b6 7. Bg2 Bb7 8. Qd3 O-O 9. Nbd2 d6 10. O-O Nbd7 11. e4 Qc7 12. Ne1 Rfc8 13. Nc2 b5 14. b3 a5 15. Rfc1 bxc4 16. bxc4 Rab8 17. Rab1 Ba6 18. Ne3 a4 19. Qc2 Qa5 20. Qd1 g6 21. c5 dxc5 22. Ndc4 Bxc4 23. Nxc4 Qa6 24. e5 Ne8 25. dxc5 Nxc5 26. Nd6 Nxd6 27. exd6 b3 28. d7 Nxd7 29. Qxd7 Rxc1+ 30. Rxc1 b2 31. Rb1 Qc4 32. Qd1 Qxa2 33. Be4 a3 34. Qc2 Qb3 0-1

[Event "25th Abu Dhabi Master 2018"]
[Site "Abu Dhabi"]
[Date "2018.08.08"]
[Round "2"]
[White "Iniyan, Panneerseluam"]
[Black "Dubov, Daniil"]
[Result "0-1"]
[WhiteElo "2464"]
[BlackElo "2691"]
[Annotator "TA"]
[PlyCount "48"]
[EventDate "2018.08.05"]
[EventType "swiss"]
[EventCountry "UAE"]
[SourceTitle "playchess.com"]
[Source "ChessBase"]
[SourceQuality "1"]

1. d4 f5 2. Bg5 g6 3. Nc3 Bg7 4. h4 h6 5. Bf4 Nf6 6. e3 d6 7. Qf3 O-O 8. Bc4+ e6 9. O-O-O Qe8 10. Nh3 Nc6 11. d5 Nb4 12. dxe6 Bxe6 13. Bb3 Bxb3 14. axb3 Ne4 15. Nxe4 fxe4 16. Qe2 a5 17. f3 b5 18. c3 Nd3+ 19. Kc2 a4 20. fxe4 Nc5 21. b4 Qxe4+ 22. Kd2 a3 23. Nf2 Nb3+ 24. Ke1 Qxg2 0-1

[Event "25th Abu Dhabi Master 2018"]
[Site "Abu Dhabi"]
[Date "2018.08.08"]
[Round "2"]
[White "Harsha, Bharathakoti"]
[Black "Sargissian, Gabriel"]
[Result "1/2-1/2"]
[WhiteElo "2454"]
[BlackElo "2680"]
[Annotator "TA"]
[PlyCount "97"]
[EventDate "2018.08.05"]
[EventType "swiss"]
[EventCountry "UAE"]
[SourceTitle "playchess.com"]
[Source "ChessBase"]
[SourceQuality "1"]

1. Nf3 Nf6 2. c4 c5 3. Nc3 e6 4. e3 d5 5. cxd5 Nxd5 6. Bc4 Nb6 7. Bb5+ Bd7 8. Be2 Bc6 9. O-O N8d7 10. d4 a6 11. dxc5 Bxc5 12. Nd4 Bxd4 13. Qxd4 Nf6 14. Qb4 Nbd5 15. Nxd5 Nxd5 16. Qb3 Qf6 17. Qa3 Qe7 18. Qxe7+ Kxe7 19. Bd2 Bb5 20. Bxb5 axb5 21. e4 Nc7 22. Bb4+ Kf6 23. Rac1 Na6 24. Bc3+ Kg6 25. f4 f6 26. f5+ exf5 27. exf5+ Kf7 28. Rfd1 Rhd8 29. Ba5 Rxd1+ 30. Rxd1 Nc5 31. Bb6 Ne4 32. Rd7+ Kg8 33. a3 b4 34. Rxb7 bxa3 35. bxa3 Rxa3 36. Rb8+ Kf7 37. Rb7+ Ke8 38. h3 Rb3 39. Rb8+ Kd7 40. Ba7 Rxb8 41. Bxb8 h5 42. g4 hxg4 43. hxg4 Kc6 44. Kg2 Kd5 45. Bf4 Ng5 46. Bc1 Ke4 47. Ba3 Kf4 48. Bf8 Kxg4 49. Bxg7 1/2-1/2

[Event "25th Abu Dhabi Master 2018"]
[Site "Abu Dhabi"]
[Date "2018.08.08"]
[Round "2"]
[White "Laxman, R R"]
[Black "Korobov, Anton"]
[Result "1/2-1/2"]
[WhiteElo "2449"]
[BlackElo "2664"]
[Annotator "TA"]
[PlyCount "55"]
[EventDate "2018.08.05"]
[EventType "swiss"]
[EventCountry "UAE"]
[SourceTitle "playchess.com"]
[Source "ChessBase"]
[SourceQuality "1"]

1. d4 Nf6 2. c4 e6 3. Nf3 b6 4. a3 Bb7 5. Nc3 d5 6. cxd5 Nxd5 7. Bd2 Nd7 8. e3 Be7 9. Bd3 N5f6 10. O-O O-O 11. Qe2 c5 12. Rac1 Qb8 13. Rfe1 Rd8 14. h3 a6 15. a4 Nf8 16. dxc5 Bxc5 17. Bb1 Bxf3 18. gxf3 Bb4 19. Red1 Qe5 20. Na2 Bxd2 21. Rxd2 Qg5+ 22. Kh2 Rxd2 23. Qxd2 Rd8 24. Qb4 a5 25. f4 Ng4+ 26. Kg3 Qd5 27. Qxb6 Nf6 28. Qc6 1/2-1/2

[Event "25th Abu Dhabi Master 2018"]
[Site "Abu Dhabi"]
[Date "2018.08.08"]
[Round "2"]
[White "Gukesh D"]
[Black "Akopian, Vladimir Eduardovic"]
[Result "1-0"]
[WhiteElo "2440"]
[BlackElo "2655"]
[Annotator "TA"]
[PlyCount "66"]
[EventDate "2018.08.05"]
[EventType "swiss"]
[EventCountry "UAE"]
[SourceTitle "playchess.com"]
[Source "ChessBase"]
[SourceQuality "1"]

1. Nf3 Nf6 2. g3 b5 3. Bg2 Bb7 4. O-O e6 5. d3 c5 6. e4 d6 7. a4 b4 8. Nbd2 Be7 9. e5 dxe5 10. Nxe5 Bxg2 11. Kxg2 Qd5+ 12. Qf3 Nfd7 13. Re1 Qxf3+ 14. Ndxf3 Nxe5 15. Nxe5 f6 16. Nc4 Kf7 17. Be3 Nc6 18. f4 Rad8 19. b3 h6 20. Re2 g5 21. Rf1 gxf4 22. Bxf4 Nd4 23. Ref2 h5 24. Be3 Nf5 25. Re2 Rdg8 26. Kh3 Rg4 27. Rf4 Rhg8 28. Rxg4 hxg4+ 29. Kg2 e5 30. Bf2 Ke6 31. Re4 Nd6 32. Nxd6 Kxd6 33. h3 f5 1-0

[Event "25th Abu Dhabi Master 2018"]
[Site "Abu Dhabi"]
[Date "2018.08.08"]
[Round "2"]
[White "Raja, Rithvik R"]
[Black "Lupulescu, Constantin"]
[Result "1/2-1/2"]
[WhiteElo "2436"]
[BlackElo "2619"]
[Annotator "TA"]
[PlyCount "50"]
[EventDate "2018.08.05"]
[EventType "swiss"]
[EventCountry "UAE"]
[SourceTitle "playchess.com"]
[Source "ChessBase"]
[SourceQuality "1"]

1. Nf3 d5 2. d4 Nf6 3. c4 e6 4. g3 Bb4+ 5. Bd2 Bd6 6. Nc3 Nbd7 7. cxd5 exd5 8. Nb5 Ne4 9. Nxd6+ Nxd6 10. Bg2 O-O 11. O-O Re8 12. Rc1 c6 13. Bf4 Nf8 14. Bxd6 Qxd6 15. e3 Bf5 16. Ne5 Nd7 17. Nxd7 Qxd7 18. Rc5 Re6 19. b4 Rh6 20. h4 Bh3 21. Kh2 Bg4 22. Qd2 Rh5 23. Kg1 Bh3 24. Qe2 Rh6 25. Kh2 Bg4 1/2-1/2

[Event "25th Abu Dhabi Master 2018"]
[Site "Abu Dhabi"]
[Date "2018.08.08"]
[Round "2"]
[White "Mammadzada, Gunay Vuqar Qizi"]
[Black "Gupta, Abhijeet"]
[Result "1-0"]
[WhiteElo "2426"]
[BlackElo "2614"]
[Annotator "TA"]
[PlyCount "103"]
[EventDate "2018.08.05"]
[EventType "swiss"]
[EventCountry "UAE"]
[SourceTitle "playchess.com"]
[Source "ChessBase"]
[SourceQuality "1"]

1. e4 e6 2. d4 d5 3. Nd2 c5 4. exd5 Qxd5 5. Ngf3 cxd4 6. Bc4 Qd7 7. O-O Nc6 8. Nb3 a6 9. Nbxd4 Nxd4 10. Nxd4 Qc7 11. Bd3 Bd6 12. Qh5 Nf6 13. Qh4 Bd7 14. Rb1 h6 15. b4 Be7 16. Re1 Nd5 17. Qh5 Nxb4 18. Be4 Qc5 19. Qxc5 Bxc5 20. c3 Nc6 21. Rxb7 Na5 22. Nb3 Nxb7 23. Bxb7 Bxf2+ 24. Kxf2 Rb8 25. Na5 Bc8 26. Bc6+ Ke7 27. Ba3+ Kf6 28. Rd1 Kg6 29. Ke3 f5 30. Nc4 Kh7 31. Bd6 Rd8 32. Ke2 Rb5 33. Bxb5 axb5 34. Ne3 Rd7 35. Rd4 g5 36. g3 Kg6 37. Rd2 Bb7 38. Be5 Bf3+ 39. Ke1 Ra7 40. Kf2 Be4 41. Rb2 f4 42. gxf4 gxf4 43. Ng2 Kf5 44. Bd4 Ra8 45. Rxb5+ Bd5 46. c4 Rxa2+ 47. Bb2 Kg4 48. cxd5 exd5 49. Rb3 f3 50. Ne1 d4 51. Nxf3 d3 52. Rb4+ 1-0

[Event "25th Abu Dhabi Master 2018"]
[Site "Abu Dhabi"]
[Date "2018.08.08"]
[Round "2"]
[White "Arjun, Kalyan"]
[Black "Istratescu, Andrei"]
[Result "1/2-1/2"]
[WhiteElo "2390"]
[BlackElo "2573"]
[Annotator "TA"]
[PlyCount "137"]
[EventDate "2018.08.05"]
[EventType "swiss"]
[EventCountry "UAE"]
[SourceTitle "playchess.com"]
[Source "ChessBase"]
[SourceQuality "1"]

1. e4 e5 2. Nf3 Nc6 3. Bb5 a6 4. Ba4 Nf6 5. O-O Be7 6. Re1 b5 7. Bb3 d6 8. c3 O-O 9. h3 Nb8 10. d4 Nbd7 11. Nbd2 Bb7 12. Bc2 Re8 13. Nf1 Bf8 14. Ng3 g6 15. b3 Bg7 16. d5 Rc8 17. c4 c6 18. Bg5 bxc4 19. bxc4 Nc5 20. Rb1 a5 21. Ba4 Qc7 22. Nd2 Nfd7 23. Be3 Red8 24. Qc2 h5 25. Ne2 Kh7 26. Nc3 Bh6 27. Bxh6 Kxh6 28. Bxc6 Bxc6 29. dxc6 Qxc6 30. Nd5 Rb8 31. Nb3 Nxb3 32. axb3 Kg7 33. Ra1 Qc5 34. Qc3 Nf6 35. Nxf6 Kxf6 36. Re3 Rb4 37. Rd3 Rdb8 38. Ra3 Kg7 39. Rd5 Qb6 40. c5 dxc5 41. Qxe5+ Qf6 42. Rxc5 Rxb3 43. Rxb3 Rxb3 44. Rxa5 Rb1+ 45. Kh2 Qxe5+ 46. Rxe5 Kf6 47. Re8 Rb2 48. Kg3 h4+ 49. Kf3 Rb3+ 50. Kg4 Rb2 51. e5+ Kg7 52. f4 Rxg2+ 53. Kxh4 Rg1 54. Rd8 Rg2 55. Rd7 Kf8 56. Rd3 Kg7 57. Rg3 Re2 58. Kg5 Ra2 59. f5 Rf2 60. f6+ Kh7 61. Re3 Rf5+ 62. Kg4 Kh6 63. h4 Kh7 64. Rc3 Rxe5 65. Rc7 Re4+ 66. Kg3 g5 67. Rxf7+ Kg6 68. Rg7+ Kxf6 69. Rxg5 1/2-1/2

[Event "25th Abu Dhabi Master 2018"]
[Site "Abu Dhabi"]
[Date "2018.08.08"]
[Round "2"]
[White "Bhakti, Kulkarni"]
[Black "Salem, A.R. Saleh"]
[Result "0-1"]
[WhiteElo "2312"]
[BlackElo "2636"]
[Annotator "TA"]
[PlyCount "70"]
[EventDate "2018.08.05"]
[EventType "swiss"]
[EventCountry "UAE"]
[SourceTitle "playchess.com"]
[Source "ChessBase"]
[SourceQuality "1"]

1. d4 Nf6 2. c4 e6 3. Nc3 Bb4 4. e3 O-O 5. Nge2 d5 6. a3 Be7 7. cxd5 exd5 8. Nf4 c6 9. Bd3 Re8 10. O-O Bd6 11. Qc2 Nbd7 12. Bd2 Nf8 13. Rfe1 Bd7 14. Rad1 Qc7 15. h3 Re7 16. Rc1 Rc8 17. b4 Qb8 18. Qb3 Rce8 19. Red1 g5 20. Nfe2 g4 21. hxg4 Nxg4 22. Nf4 Ng6 23. Nce2 Bxf4 24. Nxf4 Qd6 25. Bf1 Nxf4 26. exf4 Re3 27. Bxe3 Qh6 28. Ba6 bxa6 29. Rc3 Qh2+ 30. Kf1 h5 31. f3 Rxe3 32. Rxe3 Qh1+ 33. Ke2 Qxg2+ 34. Kd3 Bf5+ 35. Kc3 Nxe3 0-1

[Event "25th Abu Dhabi Master 2018"]
[Site "Abu Dhabi"]
[Date "2018.08.08"]
[Round "2"]
[White "Gupta, Sankalp"]
[Black "Karthikeyan, Murali"]
[Result "0-1"]
[WhiteElo "2304"]
[BlackElo "2609"]
[Annotator "TA"]
[PlyCount "64"]
[EventDate "2018.08.05"]
[EventType "swiss"]
[EventCountry "UAE"]
[SourceTitle "playchess.com"]
[Source "ChessBase"]
[SourceQuality "1"]

1. d4 Nf6 2. Nf3 g6 3. Bg5 Bg7 4. Nbd2 d5 5. e3 h6 6. Bh4 c5 7. c3 cxd4 8. exd4 O-O 9. Be2 Nc6 10. O-O Ne4 11. Nxe4 dxe4 12. Nd2 f5 13. f4 Be6 14. Kh1 Rc8 15. Nb3 b6 16. Qd2 a5 17. Rad1 Qc7 18. Bf2 a4 19. Nc1 Na5 20. a3 Rcd8 21. Be3 Nc4 22. Bxc4 Bxc4 23. Rf2 e5 24. fxe5 g5 25. Qc2 f4 26. Qxe4 Bd5 27. Qd3 fxe3 28. Rxf8+ Rxf8 29. Qxe3 Qc8 30. Ne2 Qg4 31. Rg1 Rf3 32. Qc1 Rh3 0-1